Dynamics of oncology nursing / (Record no. 4186)

MARC details
000 -LEADER
fixed length control field 00864pam a2200289 i 4500
001 - CONTROL NUMBER
control field 832035
003 - CONTROL NUMBER IDENTIFIER
control field OSt
005 - DATE AND TIME OF LATEST TRANSACTION
control field 20210915150411.0
008 - FIXED-LENGTH DATA ELEMENTS--GENERAL INFORMATION
fixed length control field 770613s1978 nyua b 001 0 eng
010 ## - LIBRARY OF CONGRESS CONTROL NUMBER
LC control number 77022965
020 ## - INTERNATIONAL STANDARD BOOK NUMBER
International Standard Book Number 0070090521
040 ## - CATALOGING SOURCE
Transcribing agency HU
050 00 - LIBRARY OF CONGRESS CALL NUMBER
Classification number RC266
Item number .D96
060 ## - NATIONAL LIBRARY OF MEDICINE CALL NUMBER
Classification number WY156 B959d
082 00 - DEWEY DECIMAL CLASSIFICATION NUMBER
Classification number 610.73/6
245 00 - TITLE STATEMENT
Title Dynamics of oncology nursing /
Statement of responsibility, etc. [edited by] Pamela K. Burkhalter, Diana L. Donley.
260 ## - PUBLICATION, DISTRIBUTION, ETC.
Place of publication, distribution, etc. New York :
Name of publisher, distributor, etc. McGraw-Hill,
Date of publication, distribution, etc. c1978.
300 ## - PHYSICAL DESCRIPTION
Extent vi, 490 p. :
Other physical details ill. ;
Dimensions 25 cm.
500 ## - GENERAL NOTE
General note "A Blakiston publication."
504 ## - BIBLIOGRAPHY, ETC. NOTE
Bibliography, etc. note Includes bibliographies and index.
650 #0 - SUBJECT ADDED ENTRY--TOPICAL TERM
Topical term or geographic name entry element Cancer
General subdivision Nursing.
9 (RLIN) 4031
650 #2 - SUBJECT ADDED ENTRY--TOPICAL TERM
Topical term or geographic name entry element Neoplasms
General subdivision Nursing.
9 (RLIN) 4032
700 1# - ADDED ENTRY--PERSONAL NAME
Personal name Burkhalter, Pamela K.
9 (RLIN) 4033
700 1# - ADDED ENTRY--PERSONAL NAME
Personal name Donley, Diana L.
9 (RLIN) 4034
906 ## - LOCAL DATA ELEMENT F, LDF (RLIN)
a 7
b cbc
c orignew
d 1
e ocip
f 19
g y-gencatlg
942 ## - ADDED ENTRY ELEMENTS (KOHA)
Source of classification or shelving scheme Dewey Decimal Classification
Koha item type Books like text book referance book
Suppress in OPAC No
Holdings
Withdrawn status Lost status Source of classification or shelving scheme Damaged status Not for loan Home library Current library Shelving location Date acquired Total Checkouts Full call number Barcode Date last seen Copy number Price effective from Koha item type
    Dewey Decimal Classification     Natural & Computational Science Library Natural & Computational Science Library General Stacks 09/15/2021   610.736/BUR NSCLIB00007683 09/15/2021 1 09/15/2021 Books like text book referance book